000 00242nam a22001217a 4500
008 181008b xxu||||| |||| 00| 0 eng d
041 _aeng
080 _a521
100 _a42
101 _aAST
245 _aPlanets
_cCrl.s
942 _2udc
_cBK
999 _c49044
_d49044